000 01138nam0a22002651 4500
001 rc\184750
005 20250620223307.0
010 _a5-88289-048-9
_910000
035 _a(NLR Aleph) 005443127
090 _a4778661
_c4778661
100 _a20030307d1997 |||y0rusy50 ca
101 0 _arus
102 _aRU
105 _ay |||||||||
200 1 _aВеликая российская депрессия
_eПричины ложной нерентабельности, искусств. неплатежеспособности нар. хоз-ва и пути выхода из кризиса
210 _aМ.
_cОбществ. об-ние "Регионы России"
_d1997
215 _a54, [2] с.
_d20
225 1 _aНародная библиотека
700 1 _7ca
_8rus
_aМедведев
_bВ. С.
_cобществ. и политич. деятель
_f1948-2018
_gВладимир Сергеевич
_9230565
_3RU\NLR\AUTH\770230621
701 1 _aЧуканов
_bН.А.
_gНиколай Александрович
801 0 _aRU
_bNLR
_gpsbo
801 1 _aRU
_bELAR
_2rusmarc
852 _aNLR
_j97-4/13767
942 _cBOOK
980 _aNB